| 000 -LEADER |
| fixed length control field |
00612nam a2200205Ia 4500 |
| 001 - CONTROL NUMBER |
| control field |
2845 |
| 003 - CONTROL NUMBER IDENTIFIER |
| control field |
GE_BSU |
| 005 - DATE AND TIME OF LATEST TRANSACTION |
| control field |
20221028110811.0 |
| 008 - FIXED-LENGTH DATA ELEMENTS--GENERAL INFORMATION |
| fixed length control field |
181216s2012||||enk|||||||||||||| ||eng|| |
| 020 ## - INTERNATIONAL STANDARD BOOK NUMBER |
| International Standard Book Number |
9781937271138 |
| 040 ## - CATALOGING SOURCE |
| Transcribing agency |
GE_BSU |
| 041 ## - LANGUAGE CODE |
| Language code of text/sound track or separate title |
eng |
| 080 ## - UNIVERSAL DECIMAL CLASSIFICATION NUMBER |
| Universal Decimal Classification number |
28 Ch-56 |
| 245 ## - TITLE STATEMENT |
| Title |
Jesu Christ, who is over all, speaketh strong warning of certain holy power of judgments to be upon nation of my holy power of new Jerusalem also to all nations |
| 264 ## - PRODUCTION, PUBLICATION, DISTRIBUTION, MANUFACTURE, AND COPYRIGHT NOTICE |
| Date of production, publication, distribution, manufacture, or copyright notice |
2012 |
| 300 ## - PHYSICAL DESCRIPTION |
| Extent |
65p.; |
| Other physical details |
26 cм. |
| 653 ## - INDEX TERM--UNCONTROLLED |
| keyword |
რელიგია |
| 653 ## - INDEX TERM--UNCONTROLLED |
| keyword |
ქრისტიანობა |
| 942 ## - ADDED ENTRY ELEMENTS (KOHA) |
| Koha item type |
წიგნი |
| Source of classification or shelving scheme |
|